|
|
|
|
| LEADER |
01069nam a2200229 a 4500 |
| 008 |
100601s2009 bg b 000 0 ben d |
| 020 |
|
|
|a 9847029700228
|
| 040 |
|
|
|a DLC
|c DLC
|d DLC
|d BD-DhAAL
|
| 082 |
0 |
0 |
|a 351.5492
|2 22
|
| 100 |
0 |
|
|a বদরুদ্দীন উমর
|d ১৯৩১-
|
| 245 |
0 |
0 |
|a নির্বাচিত রাজনৈতিক প্রবন্ধ /
|c বদরুদ্দীন উমর.
|
| 260 |
|
|
|a ঢাকা :
|b সুবর্ণ,
|c ২০০৯.
|
| 300 |
|
|
|a ২৩৫ পৃ. ;
|c ২৩ সে.মি.
|
| 362 |
0 |
|
|a ২য় খন্ড.
|
| 504 |
|
|
|a গ্রন্থপুঞ্জিগত নির্দেশিকা
|
| 500 |
|
|
|a In Bengali.
|
| 520 |
|
|
|a Selected articles on Bangladesh politics since 1971.
|
| 541 |
1 |
|
|e 00020181
|
| 651 |
|
0 |
|a Bangladesh
|x Politics and government
|y 1971-
|
| 852 |
4 |
|
|a Ayesha Abed Library
|j General Shelf
|
| 999 |
|
|
|c 8766
|d 8766
|
| 952 |
|
|
|0 0
|1 0
|2 ddc
|4 0
|6 351_549200000000000_BAD_2009
|7 0
|9 10621
|a BRACUL
|b BRACUL
|c GEN
|d 2010-06-02
|l 1
|m 4
|o 351.5492 BAD
|p 3010020181
|r 2026-03-08
|s 2026-02-02
|t 1
|w 2010-06-02
|y BK
|